<?xml version="1.0" encoding="UTF-8"?>
<marc:record xmlns:marc="http://www.loc.gov/MARC21/slim">
   <marc:leader>00000nam a2200000 a 4500</marc:leader>
   <marc:datafield ind1="0" ind2="0" tag="245">
      <marc:subfield code="a">Erster u. zweyter Jahrgang Fastenpredigten</marc:subfield>
   </marc:datafield>
   <marc:datafield ind1=" " ind2="1" tag="264">
      <marc:subfield code="c">1787</marc:subfield>
   </marc:datafield>
   <marc:datafield ind1="1" ind2=" " tag="520">
      <marc:subfield code="a">Vermerk: J. Dödle, Pfarrer, Kupferstich am Titelbl. http://zentralbibliothek.kapuziner.at/kupferstiche/provinzbibliothek/IMG_1917.jpg, Zierkupferstiche im Text, brauner Halblederband mit Pappdeckeln, ledernen Buchecken und ledernem Buchrücken, Buchrücken mit 4 Bünden, schwarzen Linienverzierungen und Titelschild "N. Tschupicks Kanzelreden 7. Band", roter Blattschnitt</marc:subfield>
   </marc:datafield>
   <marc:datafield ind1=" " ind2=" " tag="041">
      <marc:subfield code="a">ger</marc:subfield>
   </marc:datafield>
   <marc:datafield ind1="0" ind2=" " tag="490">
      <marc:subfield code="v">7.</marc:subfield>
   </marc:datafield>
   <marc:datafield ind1=" " ind2=" " tag="300">
      <marc:subfield code="a">[4] Bl., 508 S.</marc:subfield>
   </marc:datafield>
</marc:record>
